Análisis económico de los impuestos y del sector público

Guardat en:
Dades bibliogràfiques
Autors principals: Due, John Fitzgerald (Autor), Friedlaender, Ann Fitter (Autor)
Format: Llibre
Idioma:espanyol
Publicat: Buenos Aires El Ateneo 1977
Edició:4a. ed
Col·lecció:Biblioteca de Ciencias Económicas. Serie: Finanzas e Impuestos
Matèries:
Etiquetes: Afegir etiqueta
Sense etiquetes, Sigues el primer a etiquetar aquest registre!

MARC

LEADER 00000nam a2200000 a 4500
001 UCW9354
003 CL-VaPUC
008 890330e19770000AG |||||||||||||||||spa|d
082 0 4 |a 336.2  |b DUE  |2 21 
100 0 |a Due, John Fitzgerald  |e author  |9 314599 
700 0 |a Friedlaender, Ann Fitter  |e author  |9 314600 
245 1 0 |a Análisis económico de los impuestos y del sector público 
250 |a 4a. ed 
300 |a 629 p 
942 |c BK 
945 |d 19890330 00:00:00 
260 |a Buenos Aires  |b El Ateneo  |c 1977 
650 0 |a Hacienda pública  |9 258673 
650 0 |a Impuestos  |9 255450 
650 0 |a Impuesto al Valor Agregado (IVA)  |9 258896 
650 0 |a Impuestos sobre la renta   |9 257008 
650 0 |a Impuestos sobre las ventas  |9 314602 
583 |a last modification  |c 19890330 00:00:00  |k Rodrigo Vera 
490 0 |a Biblioteca de Ciencias Económicas. Serie: Finanzas e Impuestos 
999 |c 221355  |d 221353 
952 |0 0  |1 0  |4 0  |6 336_200000000000000_DUE_1977  |7 0  |8 A  |9 214577  |a BIBENE  |b BIBENE  |d 2019-11-15  |i 2831570  |o 336.2 DUE 1977  |p 2831570  |r 2025-01-15  |w 2019-11-15  |y BK  |k ICO